000 00693nam a2200229Ia 4500
008 260312s9999 xx 000 0 und d
020 _aD.L. 109405
082 _a 331.880983 M491c 1999 HNA
100 _a Medina A., Andrés
_935428
245 0 _aLas centrales sindicales chilenas del siglo XX o el mito de Aktaion.
250 _a1a. edición
260 _as.e.
260 _bChillán, Chile
260 _c1999
300 _a144p.
500 _aColección Humberto Nogueira Alcalá
650 _aChile
_9121
650 _aConfederación de Trabajadores de Chile
_935429
650 _aFederación Obrera de Chile
_935430
650 _aSindicatos
_91535
942 _2ddc
_cLIBRO
999 _c20236
_d20236